Electronic and atomic collisions : (Record no. 144751)

MARC details
000 -LEADER
fixed length control field 01173cam a2200253 i 4500
008 - FIXED-LENGTH DATA ELEMENTS--GENERAL INFORMATION
fixed length control field
020 ## - INTERNATIONAL STANDARD BOOK NUMBER
International Standard Book Number 0444854347
049 ## - LOCAL HOLDINGS (OCLC)
Holding library MAIN
090 ## - LOCALLY ASSIGNED LC-TYPE CALL NUMBER (OCLC); LOCAL CALL NUMBER (RLIN)
Classification number (OCLC) (R) ; Classification number, CALL (RLIN) (NR) QC794.6.C6
Local cutter number (OCLC) ; Book number/undivided call number, CALL (RLIN) INT
003 - CONTROL NUMBER IDENTIFIER
control field
005 - DATE AND TIME OF LATEST TRANSACTION
control field 20230123133221.0
040 ## - CATALOGING SOURCE
Transcribing agency NUST
111 2# - MAIN ENTRY--MEETING NAME
Meeting name or jurisdiction name as entry element International Conference on the Physics of Electronic and Atomic Collisions
Number of part/section/meeting (11th :
Date of meeting or treaty signing 1979 :
Location of meeting Kyoto, Japan)
245 10 - TITLE STATEMENT
Title Electronic and atomic collisions :
Remainder of title proceedings of the XIth International Conference on the Physics of Electronic and Atomic Collisions, Kyoto, 29 August-4 September 1979 : invited papers and progress reports /
Statement of responsibility, etc. edited by N. Oda and K. Takayanagi.
260 ## - PUBLICATION, DISTRIBUTION, ETC.
Place of publication, distribution, etc. Amsterdam ;
-- New York :
Name of publisher, distributor, etc. North-Holland Pub. Co. ;
Place of publication, distribution, etc. New York :
Name of publisher, distributor, etc. sole distributors for the U.S.A. and Canada, Elsevier North-Holland, Inc.,
Date of publication, distribution, etc. 1980.
300 ## - PHYSICAL DESCRIPTION
Extent xiii, 844 p. :
Other physical details ill. ;
Dimensions 23 cm.
504 ## - BIBLIOGRAPHY, ETC. NOTE
Bibliography, etc. note Includes bibliographical references and index.
650 #0 - SUBJECT ADDED ENTRY--TOPICAL TERM
Topical term or geographic name entry element Collisions (Nuclear physics)
Form subdivision Congresses.
650 #0 - SUBJECT ADDED ENTRY--TOPICAL TERM
Topical term or geographic name entry element Electrons
General subdivision Scattering
Form subdivision Congresses.
700 1# - ADDED ENTRY--PERSONAL NAME
Personal name Oda, Nobuo.
700 1# - ADDED ENTRY--PERSONAL NAME
Personal name Takayanagi, Kazuo.
907 ## - LOCAL DATA ELEMENT G, LDG (RLIN)
a .b10048327
b 21-09-12
c 17-04-03
942 ## - ADDED ENTRY ELEMENTS (KOHA)
Koha item type Ordinary Loan Books
Call number prefix QC794.6.C6
Call number suffix INT
Holdings
Date last seen Total Checkouts Full call number Barcode Cost, replacement price Price effective from Koha item type Lost status Source of classification or shelving scheme Damaged status Not for loan Collection Withdrawn status Home library Current library Shelving location Date acquired Cost, normal purchase price
01/23/2023 1 QC794.6.C6 INT 92003018025 80.00 01/23/2023 BOOKS   LCC     NFIC   MAIN MAIN GEN 01/23/2023 80.00